000
00432nam a2200145Ia 4500
008
100122s9999 xx 000 0 und d
082
_b
1262
_a
823
100
_a
भिडे वि वा
245
_a
पण तिसरा कोण ?
260
_b
प्रकाशक शोधणे
_c
1924
300
_a
55
630
_a
पण तिसरा कोण ?
730
_a
पण तिसरा कोण ?
942
_c
BOOK
999
_c
396037
_d
396034